000 00401nam a2200145Ia 4500
005 20260328104333.0
008 260328s9999||||xx |||||||||||||| ||und||
100 _aYory, Carlos Mario
245 0 _aIdentidad territorial, Globalización y Patrimonio /
_cCarlos Mario Yory
250 _a1a ed.
260 _bUniversidad Católica de Colombia
300 _a275 p.
650 _aURBANISMO
942 _cBK
999 _c11799
_d11799